| 000 | 00426nam a2200133Ia 4500 | ||
|---|---|---|---|
| 008 | 190712s9999 xx 000 0 und d | ||
| 020 | _a9781911610205 | ||
| 100 | _aLovecraft, H.P. | ||
| 245 |
_cH.P. Lovecraft _aUncanny tales of cosmic horror and unspeakable terror/ |
||
| 260 |
_aUnited Kingdom: _bCarlton Publishing Group _c2018 |
||
| 300 |
_a624 p. ; _c220 cm. |
||
| 650 | _aLiterature-- philosphy | ||
| 650 | _aShort stories | ||
| 999 |
_c361955 _d361955 |
||